000 00637nmm a22001817a 4500
003 OSt
005 20240521122319.0
006 eBook
008 240521b |||||||| |||| 00| 0 eng d
040 _cMRSPTU
100 _aShalloway, Alan
245 _aDesign Patterns Explained: A New Perspective on Object-Oriented Design
250 _a2nd
260 _aNew Delhi
_bPearson
_c2004
600 _2Computer Science
856 _3Click here to access the e-book
_uhttps://ebookcentral.proquest.com/lib/gzsptuc/detail.action?docID=5127014&query=Design+Patterns+Explained%3A+A+New+Perspective+on+Object-Oriented+Design
942 _2ddc
_cEB
_n1
999 _c10350
_d10350